000 00660nam a2200241Ia 4500
001 18254
003 GE_BSU
008 181216s||||||||xx |||||||||||||| ||und||
020 _a9780307387844
040 _cGE_BSU
080 _a32+355/359
100 _aHoffman, David E.
245 4 _aThe Dead Hand: The Untold Story of the Cold War Arms Race and Its Dangerous Legacy
260 _aNew York
260 _bAnchor book
260 _c2009
300 _a577p.21cm.ill.
541 _h55Gel.
653 _aThe Dead Hand
653 _aThe Untold Story of the Cold War Arms Race and Its Dangerous Legacy
653 _aპოლიტიკა
942 _cBK
999 _c51285
_d51285